Beyond intellectual property : toward traditional resource rights for indigenous peoples and local communities / (Record no. 35795)

MARC details
000 -LEADER
fixed length control field 00991nam a2200241 a 4500
008 - FIXED-LENGTH DATA ELEMENTS--GENERAL INFORMATION
fixed length control field 120416s1996 ||||||||||||||||| || u
020 ## - INTERNATIONAL STANDARD BOOK NUMBER
International Standard Book Number 088936799X
050 ## - LIBRARY OF CONGRESS CALL NUMBER
Classification number GN 380 Pos
100 ## - MAIN ENTRY--PERSONAL NAME
Personal name Posey, Darrell Addison, 1947-
245 10 - TITLE STATEMENT
Title Beyond intellectual property : toward traditional resource rights for indigenous peoples and local communities /
246 ## - VARYING FORM OF TITLE
Title proper/short title Toward traditional resource rights for indigenous peoples and local communities
260 ## - PUBLICATION, DISTRIBUTION, ETC.
Place of publication, distribution, etc. Ottawa
Name of publisher, distributor, etc. IDRC
Date of publication, distribution, etc. 1996
300 ## - PHYSICAL DESCRIPTION
Extent xv, 303 p.
350 ## - PRICE (NR) (BK AM CF MU VM SE) [OBSOLETE]
Price 0.00
500 ## - GENERAL NOTE
General note Includes bibliographical references and index.
650 ## - SUBJECT ADDED ENTRY--TOPICAL TERM
Topical term or geographic name entry element CULTURE
650 ## - SUBJECT ADDED ENTRY--TOPICAL TERM
Topical term or geographic name entry element ETHNOSCIENCE
650 ## - SUBJECT ADDED ENTRY--TOPICAL TERM
Topical term or geographic name entry element CULTURAL PROPERTY--PROTECTION--LAW AND LEGISLATION
650 #2 - SUBJECT ADDED ENTRY--TOPICAL TERM
Topical term or geographic name entry element INTELLECTUAL PROPERTY
650 ## - SUBJECT ADDED ENTRY--TOPICAL TERM
Topical term or geographic name entry element Indigenous peoples--Legal status, laws, etc
700 ## - ADDED ENTRY--PERSONAL NAME
Personal name Dutfield, Graham
995 ## - RECOMMENDATION 995 [LOCAL, UNIMARC FRANCE]
-- 0.00
-- CBU-MAIN LIBRARY (Kitwe)
-- 1
-- 0.00
-- 1
-- AVAILABLE
-- Main Library Open Access Collection
Holdings
Withdrawn status Lost status Source of classification or shelving scheme Damaged status Not for loan Home library Current library Shelving location Date acquired Total Checkouts Full call number Barcode Date last seen Price effective from Koha item type
          CBU-MAIN LIBRARY, KITWE. CBU-MAIN LIBRARY, KITWE.   11/30/2022   GN 380 Pos 019138 11/30/2022 11/30/2022 MONOGRAPH